000 00773aam a2200253 4500
005 20161103104022.0
008 150721b xxu||||| |||| 00| 0 spa d
041 _aEspañol
082 _a1.4.17 W594g
100 _aWhiteman, Kate, Mayhew, Maggie
_916486
245 _aLa gran enciclopedia de la fruta: cocinar con fruta
260 _aEspaña
_bEdipresse
_c1998
300 _a127 páginas
650 _aRECETAS DE COCINA
_91731
650 _aFRUTAS
_915606
650 _aCOCINAR CON FRUTAS
_916487
650 _aRECETAS CON MANZANA
_916488
650 _aRECETAS CON PERA
_916489
650 _aRECETAS CON CITRICOS
_916490
650 _aRECETAS CON FRUTAS EXÓTICAS
_916491
650 _aRECETAS CON MELÓN
_916492
650 _aRECETAS DE UVAS
_916493
942 _cBK
999 _c1995
_d1995